000 00613nam a2200205Ia 4500
005 20250923145357.0
008 008 250917s9999 xx 000 0 eng d
037 _aTextual
040 _aDSWL
_beng
_cDSWL
041 _aeng
_2eng
084 _aW,64:28.275, N77
_qDSWL
100 _aMukhopadhyay, A.K.
_9834651
245 0 _aPanchayat administration in West Bengal
_c by A.K. Mukhopadhyay
260 _aCalcutta
_bThe World Press Pvt. Ltd.
_c1977
300 _ax,215 p.
365 _aINR
_b18 . 0
925 _g18 . 0
942 _cTEXL
_hW,64:28.275, N77
999 _c1450634
_d1450634